| 000 | 00750nam a2200253 i 4500 | ||
|---|---|---|---|
| 003 | DO-SdBNP | ||
| 005 | 20240307073943.0 | ||
| 007 | ta | ||
| 008 | 110401s2008 dr 000 0 spa d | ||
| 040 |
_aDO-SdBNP _bspa _cBNPHU _erda |
||
| 082 |
_bP853m _222 |
||
| 100 | 1 |
_aPortorreal, Mayra _954692 |
|
| 245 | 1 | 0 |
_aManual de laboratorio de química I / _cMayra Portorreal |
| 246 | 1 | _aManual de química / | |
| 264 | 1 |
_aSanto Domingo : _bUNIBE, _c2008. |
|
| 300 |
_a44 páginas _c28 cm. |
||
| 336 |
_2rdacontent _atexto _btxt |
||
| 337 |
_2rdamedia _asin mediación _bn |
||
| 338 |
_2rdacarrier _avolumen _bnc |
||
| 590 | _aInventariado, 2023/ YL | ||
| 710 | 2 |
_aInstituto Tecnológico de Santo Domingo _978911 |
|
| 910 | _aYLockward | ||
| 942 |
_2ddc _cLF2 |
||
| 999 |
_c55276 _d55276 |
||